banner-ar

منطقة الخليج العربى خلال الالفين الثانى والاول قبل الميلاد / (Record no. 51657)

MARC details
000 -الفاتح
حقل البيانات ثابتة الطول 00740nam a2200205Ia 4500
008 - عناصر البيانات ثابتة الطول - معلومات عامة
حقل البيانات ثابتة الطول 140319s9999 xx 000 0 ara d
040 ## - مصدر الفهرسة
وكالة الفهرسة الأصلية GCL /
وكالة النسخ GCL
082 04 - رقم تصنيف ديوى العشرى
رقم التصنيف 935
رقم المادة س م
100 1# - المدخل الرئيسى - إسم شخصى
الإسم الشخصى سليمان سعدون البدر
245 10 - بيان العنوان
العنوان منطقة الخليج العربى خلال الالفين الثانى والاول قبل الميلاد /
بيان المسئوليه,etc سليمان سعدون البدر
300 ## - الوصف المادى
التعداد 166 ص
490 ## - بيان السلسلة
عنوان السلسلة دراسات فى تاريخ الشرق الادنى القديم
رقم المجلد/ التعيين التسلسلي 0
650 04 - المدخل الاضافى بالموضوع-مصطلح موضوعى
مصطلح موضوعي مصر القديمة
650 04 - المدخل الاضافى بالموضوع-مصطلح موضوعى
مصطلح موضوعي التاريخ
650 04 - المدخل الاضافى بالموضوع-مصطلح موضوعى
مصطلح موضوعي الحضارة الاسلامية
650 04 - المدخل الاضافى بالموضوع-مصطلح موضوعى
مصطلح موضوعي الشرق القديم
650 04 - المدخل الاضافى بالموضوع-مصطلح موضوعى
مصطلح موضوعي الخليج العربى - تاريخ
942 ## - عناصر المدخل الإضافي( كوها)
مصدر التصنيف او مخطط الترفيف Dewey Decimal Classification
Koha [default] item type كتاب
Holdings
حالة التراجع حالة الفقد حالة تلف ليس للاعارة المكان المؤقت الموقع الحالى تاريخ الاكتساب اجمالي اﻻعارات رقم الطلب الباركود تاريخ اخر مشاهدة تاريخ تفعيل السعر نوع وعاء كوها
        مكتبة القاهرة الكبرى مكتبة القاهرة الكبرى 03/26/2014   935\س م 123645 03/26/2014 03/26/2014 كتاب

Powered By

EGPV